000 00319nam a2200133Ia 4500
008 210312s9999||||xx |||||||||||||| ||und||
041 _aosm
050 _aPK6515.T8
050 _bR8
100 _aÖmer Hayyam
245 0 _aRubaiyat-ı Ömer Hayyam
260 _c1346-1927
650 _aEdebiyat--İran edebiyatı--Şiir
999 _c22336
_d22336